000
00383nam a22001217a 4500
999
_c
13689
_d
13689
082
_a
954.030
_b
ث ری
100
_a
ثریا حسین
245
_a
سر سید احمد خان اور ان کا عہد
260
_a
علی گڑھ
_b
ایجوکیشنل بک ہاؤس
_c
٢٠٠٦
300
_a
متفرق صفحات
650
_a
Sir Syed Ahmed Khan, Surayya Hussain,Ehd
942
_c
BK